000 00702nam a2200229 u 4500
005 20230623063607.0
008 131003s2010 mx r 000 0 spa d
020 _a9786073100472 (13 dígitos)
020 _a9707807237 (10 dígitos)
035 _aUPN01000193456
049 _aI
050 4 _aPZ76.3
_bC8a
100 1 _aCueto, Mireya,
_d1922-2013
_934316
245 1 0 _aViajes de Ozomatli y Don Armadillo /
_cMireya Cueto ; il. Céline Richard.
250 _a2a ed.
260 _aMéxico :
_bRandom House Mondadori,
_c2010.
300 _a72 p. :
_bil.
650 4 _aCuentos infantiles mexicanos
_97723
650 0 _aAnimales
_vCuentos y leyendas
_9234
905 _aInfantil
999 _c165557
_d165557